The Race For Chi (Record no. 261031)
[ view plain ]
| 000 -LEADER | |
|---|---|
| fixed length control field | 00241nam a22001097a 4500 |
| 020 ## - INTERNATIONAL STANDARD BOOK NUMBER | |
| ISBN | 9781465408655 |
| 100 ## - MAIN ENTRY--AUTHOR NAME | |
| Personal name | Ruth Amos |
| 245 ## - TITLE STATEMENT | |
| Title | The Race For Chi |
| 260 ## - PUBLICATION, DISTRIBUTION, ETC. (IMPRINT) | |
| Place of publication | United States |
| Name of publisher | Dorling Kindersley |
| Year of publication | 2013 |
| 300 ## - PHYSICAL DESCRIPTION | |
| Number of Pages | 47 |
| 942 ## - ADDED ENTRY ELEMENTS (KOHA) | |
| Koha item type | Long Loan Books |
| Withdrawn status | Lost status | Collection code | Home library | Current library | Shelving location | Date acquired | Koha item type |
|---|---|---|---|---|---|---|---|
| Fiction | Rongo University Library | Rongo University Library | Children's Area | 27/10/2023 | Long Loan Books |
